|
|
|
|
| LEADER |
00000cam a2200000 i 4500 |
| 003 |
Ucuenca |
| 005 |
20230308170113.0 |
| 006 |
a||||gr|||| 001 0 |
| 007 |
ta |
| 008 |
000000s1968 ||| gr|||||||1|||spa a |
| 040 |
|
|
|b spa
|a UCuenca-cdrjbv
|c UCuenca
|e rda
|
| 041 |
0 |
|
|a spa
|
| 082 |
0 |
|
|2 21
|a 320
|c 101653
|
| 100 |
1 |
|
|a Meynaud, Jean.
|e autor
|9 23493
|
| 245 |
1 |
3 |
|a La tecnocracia: ¿mito o realidad? /
|c Jean Meynaud.
|
| 250 |
|
|
|a Primera edición
|
| 264 |
3 |
1 |
|a Madrid:
|b Editorial Tecnos,
|c 1968.
|
| 300 |
|
|
|a 393 páginas:
|c 23 cm
|
| 336 |
|
|
|2 rdacontent
|a texto
|b txt
|
| 337 |
|
|
|2 rdamedia
|a no mediado
|b n
|
| 338 |
|
|
|2 rdacarrier
|a volumen
|b nc
|
| 490 |
0 |
|
|a colección de ciencias sociales serie de ciencia política
|
| 520 |
3 |
|
|a Contiene: 1. Identificación de los tecnócratas.- 2. Campo de intervención tecnocrática.- 3. Signifacaión sociopolítica del poder tecnocrático.- 4. Los precursores de la ideología tecnocrática.- 5. Temas de la ideología tecnocrática.- 6. probabilidades de expansión de la ideología tecnocrática.
|
| 650 |
1 |
7 |
|2 UCuenca-cdrjbv
|a Ciencia política
|9 8811
|
| 650 |
1 |
7 |
|2 UCuenca-cdrjbv
|a Doctrina política
|9 7310
|
| 650 |
1 |
7 |
|2 UCuenca-cdrjbv
|a Política económica
|9 836
|
| 852 |
|
|
|a UC-CDJBV
|
| 942 |
|
|
|c BK
|2 ddc
|r luz.vázquez@ucuenca.edu.ec
|
| 999 |
|
|
|c 31122
|d 31122
|